000 00194nam a22000977a 4500
041 _aeng
080 _a80
100 _aBright, William
245 _aLanguage. Vol. 56, № 1, 1980
999 _c282239
_d282239
942 _cBK